Reprezentácia a vizualizácia virtuálnej planetárnej sústavy = Representaion and visualization of virtual planetary system : Dipl.práca /

Gespeichert in:
Bibliographische Detailangaben
1. Verfasser: Pucovský, Andrej (Verfasst von)
Weitere Verfasser: Šperka, Martin, 1945- (Betreuung Doktorarbeit)
Format: Manuskript Buch
Veröffentlicht: Bratislava : STU v Bratislave FEI, 1997
Tags: Tag hinzufügen
Keine Tags, Fügen Sie das erste Tag hinzu!

MARC

LEADER 00000ntm a22000003a 4500
001 stu10539
005 20160719164940.0
008 980120s1997----------------------------d
040 |a STU  |b slo 
041 0
100 1 |a Pucovský, Andrej  |4 aut 
245 1 |a Reprezentácia a vizualizácia virtuálnej planetárnej sústavy = Representaion and visualization of virtual planetary system :  |b Dipl.práca /  |c [aut.] Pucovský,Andrej; Škol. řperka,Martin 
260 |a Bratislava :  |b STU v Bratislave FEI,  |c 1997 
300 |a 43 s :  |b príl.,disketa 
700 1 |a Šperka, Martin,  |d 1945-  |4 ths  |u E220  |U FEI Fakulta elektrotechniky a informatiky  |T FEI Katedra informatiky a výpočtovej techniky  |X 1924  |U E220  |Y 69  |7 1924 
996 |b EDIPL-5417  |c I*DIPL-5417  |l II680  |s A  |a 24  |w stu10539_0001